[Event "4th Stage Russian Cup"]
[Site "Samara RUS"]
[Date "2002.07.26"]
[Round "1"]
[White "Iskusnyh,S"]
[Black "Rjabzev,K"]
[Result "1-0"]
[WhiteElo "2485"]
[BlackElo "2265"]
[EventDate "2002.07.26"]

1. c4 e6 2. Nf3 Nf6 3. Nc3 d5 4. d4 Be7 5. Bg5 O-O 6. Qc2 Nbd7 7. Rd1 Ne4
8. Nxe4 dxe4 9. Bxe7 Qxe7 10. Qxe4 Qb4+ 11. Nd2 Qxb2 12. e3 Nf6 13. Qb1
Qxb1 14. Rxb1 b6 15. Bd3 Rd8 16. Ke2 Ba6 17. Rb3 Bb7 18. f3 e5 19. d5 Nd7
20. Ne4 c6 21. dxc6 Bxc6 22. Ra3 Kf8 23. Rc1 h6 24. g4 a5 25. Rb3 Rab8 26.
Rcb1 Rbc8 27. Rc3 Ke7 28. h4 Rc7 29. Nd2 Nc5 30. Bc2 Rcd7 31. Nf1 Rb7 32.
h5 Rd6 33. Ng3 Bd7 34. Bf5 Be6 35. Bxe6 fxe6 36. Rc2 Kd7 37. Rb5 Kc6 38.
Ne4 Nxe4 39. fxe4 Rd8 40. a4 Rf8 41. c5 bxc5 42. Rcxc5+ Kd6 43. Rxb7 Kxc5
44. Rb5+ Kd6 45. Rxa5 Rc8 46. Ra7 Rc4 47. Kd3 Rb4 48. a5 Ra4 49. a6 Ra2 50.
Rxg7 Rxa6 51. Rg6 Ra2 52. Rxh6 Rg2 53. Rg6 Ke7 54. h6 Kf7 55. Rg7+ Kf8 56.
g5 Rh2 57. Kc4 Rh4 58. Kc5 Rxe4 59. g6 Rh4 60. Rf7+ Kg8 61. h7+ 1-0

[Event "4th Stage Russian Cup"]
[Site "Samara RUS"]
[Date "2002.07.26"]
[Round "1"]
[White "Tihonov,J"]
[Black "Popov,Val"]
[Result "1/2-1/2"]
[WhiteElo "2382"]
[BlackElo "2579"]
[EventDate "2002.07.26"]

1. d4 d5 2. Nf3 c6 3. c4 Nf6 4. Nc3 dxc4 5. a4 Bf5 6. e3 e6 7. Bxc4 Nbd7 8.
O-O Bb4 9. Qe2 Bg4 10. h3 Bxf3 11. Qxf3 O-O 12. Rd1 Rc8 13. Qe2 Qa5 14. e4
e5 15. d5 Nb6 16. Bg5 Nxc4 17. Bxf6 gxf6 18. Qxc4 cxd5 19. Qxd5 Bxc3 20.
bxc3 Qxd5 21. Rxd5 Rxc3 22. Rd7 Rb8 23. Rb1 1/2-1/2

[Event "4th Stage Russian Cup"]
[Site "Samara RUS"]
[Date "2002.07.26"]
[Round "1"]
[White "Kornev,Alexe"]
[Black "Sidorov,A"]
[Result "1-0"]
[WhiteElo "2567"]
[BlackElo "2384"]
[EventDate "2002.07.26"]

1. e4 c5 2. Nf3 d6 3. Bb5+ Nd7 4. d4 cxd4 5. Qxd4 Ngf6 6. Nc3 e6 7. Bg5 Be7
8. O-O-O O-O 9. Bxd7 Bxd7 10. Bxf6 gxf6 11. Kb1 Bc6 12. Qe3 Qa5 13. Nd4 Kh8
14. f4 Rg8 15. g3 Qc5 16. Rhe1 Rac8 17. Qe2 Bd7 18. Nb3 Qb6 19. Qh5 Rg7 20.
Rd2 a6 21. f5 Rc4 22. Qh6 Qc7 23. Red1 Bc8 24. Nd4 Rc5 25. Nde2 b5 26. Nf4
Rg5 27. Nh5 Rxh5 28. Qxh5 Kg7 29. Qg4+ Kh8 30. Rd4 a5 31. Qh5 Bf8 32. Qe2
Bd7 33. a3 Qb7 34. fxe6 fxe6 35. Qf3 Kg7 36. Rf1 Be7 37. Ne2 Qc8 38. Qd3
Bc6 39. Nc3 Re5 40. Qe2 Qb7 41. Qg4+ Kf7 42. b4 axb4 43. axb4 Qa7 44. Qd1
Kg7 45. Kb2 Be8 46. Qd3 Qb6 47. Ra1 Rh5 48. h4 Re5 49. Ra5 d5 50. Ra1 Bg6
51. Qd2 Bf7 52. exd5 exd5 53. Rd1 Qc6 54. Nxd5 Bxd5 55. Rxd5 Bxb4 56. Rd7+
Be7 57. Qd6 Qe4 58. Qd4 Qe2 59. Rd2 Qe1 60. Qc3 1-0

[Event "4th Stage Russian Cup"]
[Site "Samara RUS"]
[Date "2002.07.26"]
[Round "1"]
[White "Min,V"]
[Black "Ovetchkin,R"]
[Result "0-1"]
[WhiteElo "2383"]
[BlackElo "2557"]
[EventDate "2002.07.26"]

1. e4 c6 2. Nf3 d5 3. Nc3 dxe4 4. Nxe4 Nf6 5. Ng3 c5 6. Bb5+ Nbd7 7. O-O g6
8. Re1 Bg7 9. d4 cxd4 10. Nxd4 O-O 11. c3 a6 12. Bf1 Re8 13. Nb3 b6 14. h3
Bb7 15. Bd2 Qc7 16. Qc1 Rad8 17. Bh6 Bh8 18. Qc2 Nf8 19. Rad1 Ne6 20. Qc1
Bg7 21. Bxg7 Kxg7 22. Qe3 h5 23. Ne2 Nd5 24. Qg3 Qxg3 25. Nxg3 Ndf4 26. h4
b5 27. Rb1 g5 28. hxg5 Nxg5 29. Nf5+ Kf6 30. Nh4 Rg8 31. Nc5 Bc8 32. g3
Nfh3+ 33. Bxh3 Nxh3+ 34. Kf1 Ng5 35. f4 Bh3+ 36. Kf2 Ne6 37. Ne4+ Kg7 38.
Rbd1 Bg4 39. Rxd8 Rxd8 40. Nf3 f6 41. Ke3 Kf7 42. Nf2 Ng7 43. Nh4 Be6 44.
a3 Bb3 45. Re2 Ne8 46. Nf5 Be6 47. Nd4 Nd6 48. Nxe6 Kxe6 49. Kf3+ Kf7 50.
Rd2 Rg8 51. Re2 Nf5 52. Ne4 Rd8 53. Rd2 Rxd2 54. Nxd2 Ke6 55. b3 Kd5 56.
Nf1 a5 57. Ke2 e5 58. fxe5 fxe5 59. Kf3 a4 60. bxa4 bxa4 61. Nd2 Nd6 62. g4
e4+ 63. Kf4 hxg4 64. Nf1 Kc4 65. Ne3+ Kb3 66. Nxg4 Kxa3 0-1

[Event "4th Stage Russian Cup"]
[Site "Samara RUS"]
[Date "2002.07.26"]
[Round "1"]
[White "Yurtaev,L"]
[Black "Lysyj,I"]
[Result "1/2-1/2"]
[WhiteElo "2552"]
[BlackElo "2382"]
[EventDate "2002.07.26"]

1. e4 e6 2. d4 d5 3. Nc3 Bb4 4. e5 c5 5. a3 Bxc3+ 6. bxc3 Qa5 7. Bd2 Qa4 8.
Qb1 a6 9. Nf3 Nc6 10. Qb3 Qxb3 11. cxb3 Na5 12. Rb1 c4 13. bxc4 dxc4 14.
Ng5 Ne7 15. Ne4 O-O 16. Nd6 b5 17. a4 Bd7 18. Be2 Rfb8 19. Bh5 g6 20. Bf3
Nd5 21. axb5 axb5 22. Bd1 b4 23. cxb4 c3 24. Be3 Nxb4 25. Bf3 c2 26. Rc1
Ra7 27. Ra1 c1=Q+ 28. Rxc1 Nd3+ 29. Ke2 Nxc1+ 30. Rxc1 Nb3 31. Rc2 Na1 32.
Rd2 Rc7 33. Be4 Bc6 34. Kf3 Nc2 35. h4 h5 36. Rd1 Bd5 37. Kf4 Bxe4 38. Nxe4
Nb4 39. Nf6+ Kg7 40. Ke4 Na2 41. Kf3 Nc3 1/2-1/2

[Event "4th Stage Russian Cup"]
[Site "Samara RUS"]
[Date "2002.07.26"]
[Round "1"]
[White "Bocharov,D"]
[Black "Pisakov,I"]
[Result "0-1"]
[WhiteElo "2475"]
[BlackElo "2260"]
[EventDate "2002.07.26"]

1. d4 d5 2. c4 c6 3. Nf3 Nf6 4. Nc3 e6 5. e3 Nbd7 6. Bd3 dxc4 7. Bxc4 b5 8.
Be2 Bb7 9. O-O Be7 10. a3 a5 11. Bd2 O-O 12. Qb3 b4 13. axb4 axb4 14. Na4
c5 15. dxc5 Nxc5 16. Nxc5 Bxc5 17. Rfc1 Rxa1 18. Rxa1 Ne4 19. Be1 Qb6 20.
Ne5 Rc8 21. Rd1 Be7 22. f3 Nc3 23. bxc3 Qxe3+ 24. Bf2 Qxe5 25. Bf1 Qxc3 26.
Qa4 Bd5 27. Qa6 b3 28. Bd3 Qc6 29. Qa1 Bf6 30. Qa5 Bc3 31. Qa7 b2 32. Bb1
Bb3 33. Rf1 Bc4 34. Rd1 Be2 35. Rd7 Bf6 0-1

[Event "4th Stage Russian Cup"]
[Site "Samara RUS"]
[Date "2002.07.26"]
[Round "1"]
[White "Kurenkov,N"]
[Black "Dyachkov,S"]
[Result "0-1"]
[WhiteElo "2381"]
[BlackElo "2549"]
[EventDate "2002.07.26"]

1. e4 e6 2. d4 d5 3. Nc3 Bb4 4. e5 Ne7 5. a3 Bxc3+ 6. bxc3 c5 7. h4 Nbc6 8.
h5 h6 9. Qg4 Nf5 10. Bd3 Rg8 11. Qf4 cxd4 12. g4 Qa5 13. Ne2 Nfe7 14. Bd2
dxc3 15. Nxc3 Qd8 16. Nb5 Kd7 17. c4 Qf8 18. Rd1 g5 19. hxg6 fxg6 20. Qxf8
Rxf8 21. Bxh6 Rh8 22. Be4 a6 23. cxd5 exd5 24. e6+ Kxe6 25. Nc7+ Kf7 26.
Bf4 Rxh1+ 27. Bxh1 Ra7 28. Be3 Bxg4 29. Nxd5 Bxd1 30. Nxe7 Kxe7 31. Bxc6
Ra8 32. Bxb7 Rb8 33. Bxa6 Ba4 34. Bd3 Kf7 35. Kd2 Rc8 36. Be4 Bb3 37. Bb1
Be6 38. Bc2 Ra8 39. Bc5 Rc8 40. Bb4 Rb8 41. Kc3 Rc8+ 42. Kd2 Rc4 43. Bd3
Rf4 44. Ke3 g5 45. Bd6 Rh4 46. Bc7 Bd7 47. Bg3 Ra4 48. Bd6 Bc6 49. Bb4 Ra8
50. Bc4+ Kf6 51. Bc3+ Kf5 52. Bd3+ Kg4 53. Be2+ Kh3 54. Bb4 Kg2 55. Bc5 Ra5
56. Bd6 Ra4 57. Bd3 g4 58. Bf5 Bf3 59. Bb4 Ra7 60. Be6 Ra6 61. Bd7 Rf6 62.
Bc5 Rf7 63. Be6 Rc7 64. Bb4 Rc2 65. Bd2 Rc5 66. Kd4 Rc6 67. Bc4 Kxf2 68.
Be3+ Kg2 69. a4 g3 70. a5 Kh1 71. a6 g2 72. a7 Rc8 73. Bd5 Bxd5 0-1

[Event "4th Stage Russian Cup"]
[Site "Samara RUS"]
[Date "2002.07.26"]
[Round "1"]
[White "Yevseev,D"]
[Black "Yashtylov,A"]
[Result "1-0"]
[WhiteElo "2546"]
[BlackElo "2381"]
[EventDate "2002.07.26"]

1. d4 d5 2. c4 e6 3. Nf3 Nf6 4. g3 Bb4+ 5. Bd2 Be7 6. Bg2 O-O 7. O-O c6 8.
Qc2 Nbd7 9. b3 Ne4 10. Bc1 b6 11. Nbd2 Nxd2 12. Nxd2 Bb7 13. e4 Rc8 14. Bb2
Rc7 15. Rad1 c5 16. exd5 exd5 17. dxc5 Bxc5 18. Qf5 dxc4 19. Bxb7 Rxb7 20.
Nxc4 Qc7 21. Rfe1 Qc6 22. Re4 f6 23. Re6 Qc7 24. Qd5 Kh8 25. Rc6 Qb8 26.
Nd6 Bxd6 27. Rxd6 Rd8 28. Bc1 Qc8 29. Bf4 Rc7 30. Qd4 Kg8 31. Rd5 Rb7 32.
Rc1 Qa8 33. Bc7 Qc8 34. Qc4 1-0

[Event "4th Stage Russian Cup"]
[Site "Samara RUS"]
[Date "2002.07.26"]
[Round "1"]
[White "Abrashkin,B"]
[Black "Kruppa,Y"]
[Result "1/2-1/2"]
[WhiteElo "2379"]
[BlackElo "2544"]
[EventDate "2002.07.26"]

1. d4 Nf6 2. c4 g6 3. Nc3 Bg7 4. Nf3 O-O 5. Bg5 c5 6. e3 cxd4 7. exd4 d6 8.
Be2 Bf5 9. O-O Ne4 10. Nxe4 Bxe4 11. Qd2 Nc6 12. d5 Bxf3 13. Bxf3 Ne5 14.
Be2 a5 15. Rfe1 Re8 16. Rac1 Nd7 17. Bg4 Nc5 18. Re2 Bf6 19. Be3 Rb8 20.
Bxc5 dxc5 21. a4 1/2-1/2

[Event "4th Stage Russian Cup"]
[Site "Samara RUS"]
[Date "2002.07.26"]
[Round "1"]
[White "Vaulin,A"]
[Black "Melkozerov,D"]
[Result "1-0"]
[WhiteElo "2544"]
[BlackElo "2364"]
[EventDate "2002.07.26"]

1. c4 e6 2. g3 Nf6 3. Bg2 d5 4. Nf3 c6 5. O-O Nbd7 6. b3 a5 7. Nc3 Bd6 8.
d4 O-O 9. Qc2 Qe7 10. Bb2 dxc4 11. bxc4 e5 12. e3 Re8 13. Rad1 h6 14. h3 b6
15. Nh4 Nf8 16. Bxc6 Bxh3 17. Nf5 Qe6 18. Nxd6 Qxd6 19. Bxa8 Rxa8 20. dxe5
Qc6 21. f3 Bxf1 22. exf6 Bxc4 23. fxg7 Nh7 24. Ne4 Bd5 25. Qxc6 Bxc6 26.
Nd6 Rd8 27. Kf2 f6 28. e4 Rd7 29. e5 fxe5 30. Bxe5 Ng5 31. Nf5 1-0

[Event "4th Stage Russian Cup"]
[Site "Samara RUS"]
[Date "2002.07.26"]
[Round "1"]
[White "Gazizov,R"]
[Black "Belozerov,A"]
[Result "0-1"]
[WhiteElo "2358"]
[BlackElo "2541"]
[EventDate "2002.07.26"]

1. e4 c5 2. Nf3 Nf6 3. e5 Nd5 4. c4 Nc7 5. d4 cxd4 6. Qxd4 Nc6 7. Qe4 g6 8.
Nc3 Bg7 9. Be2 d6 10. exd6 Qxd6 11. O-O Bf5 12. Qh4 O-O-O 13. Nb5 Nxb5 14.
cxb5 Nd4 15. Nxd4 Bxd4 16. Bf4 e5 17. Bg5 Rd7 18. Rfd1 h6 19. Be3 Qe7 20.
Qg3 Rhd8 21. Bxh6 Bxb2 22. Rxd7 Rxd7 23. Rf1 Bd4 24. h4 Rc7 25. Bg4 Qe6 26.
Bxf5 Qxf5 27. Qa3 Kd7 28. b6 axb6 29. Be3 Bc5 30. Rd1+ Ke7 0-1

[Event "4th Stage Russian Cup"]
[Site "Samara RUS"]
[Date "2002.07.26"]
[Round "1"]
[White "Smirnov,P"]
[Black "Yandarbiev,R"]
[Result "1-0"]
[WhiteElo "2539"]
[BlackElo "2357"]
[EventDate "2002.07.26"]

1. e4 c5 2. Nf3 d6 3. d4 cxd4 4. Nxd4 Nf6 5. Nc3 a6 6. f3 e5 7. Nb3 Be6 8.
Be3 Nbd7 9. g4 b5 10. g5 b4 11. Ne2 Nh5 12. Qd2 a5 13. Ng3 Nxg3 14. hxg3 a4
15. Nc1 Qa5 16. f4 Nb6 17. f5 Nc4 18. Qf2 b3+ 19. c3 Nxe3 20. Qxe3 Bd7 21.
axb3 d5 22. b4 Bxb4 23. Nb3 Qd8 24. exd5 O-O 25. Nd2 Be7 26. f6 gxf6 27.
Qe4 1-0

[Event "4th Stage Russian Cup"]
[Site "Samara RUS"]
[Date "2002.07.26"]
[Round "1"]
[White "Kazancev,V"]
[Black "Azarov,S"]
[Result "1/2-1/2"]
[WhiteElo "2343"]
[BlackElo "2532"]
[EventDate "2002.07.26"]

1. c4 e6 2. Nf3 d5 3. g3 Nf6 4. Bg2 Be7 5. O-O O-O 6. d3 c5 7. Nc3 d4 8.
Na4 Nc6 9. a3 e5 10. Rb1 a5 11. Bg5 Nd7 12. Bxe7 Qxe7 13. Nd2 Ra6 14. Qb3
f5 15. Rbe1 Qd6 16. Bd5+ Kh8 17. e3 b6 18. Bxc6 Qxc6 19. exd4 cxd4 20. Qb5
Bb7 21. Qxc6 Bxc6 22. b3 Re8 23. f4 g6 24. Nf3 Bxf3 25. Rxf3 e4 26. dxe4
fxe4 27. Rd3 Ne5 28. Rxe4 Nf3+ 29. Kf2 Rxe4 30. Kxf3 Re1 31. Rxd4 Ra1 32.
Rd5 Rxa3 33. Rb5 Kg7 34. Ke4 Ra2 35. Kd5 Rxh2 36. Kc6 Ra8 37. Nxb6 Rf8 38.
Rxa5 Rb2 39. Ra3 h5 40. c5 Rf5 41. Nc4 Rc2 42. Kb6 Rc3 43. c6 Rxg3 44. c7
Rf8 45. Kb7 h4 46. c8=Q Rxc8 47. Kxc8 h3 48. Ra1 Rxb3 49. Kd7 Kf6 50. Nd6
h2 51. Rh1 Rh3 52. Kc6 Ke6 53. Re1+ Kf6 54. Rh1 1/2-1/2

[Event "4th Stage Russian Cup"]
[Site "Samara RUS"]
[Date "2002.07.26"]
[Round "1"]
[White "Fominyh,A"]
[Black "Kondenko,A"]
[Result "1/2-1/2"]
[WhiteElo "2530"]
[BlackElo "2335"]
[EventDate "2002.07.26"]

1. d4 g6 2. c4 Bg7 3. Nf3 d6 4. g3 Nf6 5. Bg2 O-O 6. O-O Nc6 7. Nc3 Bf5 8.
b3 Qd7 9. d5 Nb4 10. Bb2 Rae8 11. a3 Na6 12. Re1 Bh3 13. Bh1 h6 14. Ra2 Qc8
15. e4 Ng4 16. Ne2 Bxb2 17. Rxb2 g5 18. Ned4 e6 19. b4 Nb8 20. dxe6 fxe6
21. e5 a6 22. c5 Qd7 23. cxd6 cxd6 24. exd6 Qxd6 25. Rd2 e5 26. Nf5 Qb6 27.
Nd6 Rd8 28. Nc4 Qxf2+ 29. Rxf2 Rxd1 30. Rxd1 Nxf2 31. Kxf2 e4 32. Ke3 exf3
33. Bxf3 Re8+ 34. Kd4 b5 35. Ne5 Kg7 36. Rc1 Rd8+ 37. Kc5 Rc8+ 38. Nc6 Bg4
39. Bd5 Nd7+ 40. Kd4 Nb6 41. Be4 Rc7 42. Re1 Rd7+ 43. Kc3 Bd1 44. Nd4 Na4+
45. Kd3 Nb2+ 46. Kc3 Na4+ 47. Kd3 Nb2+ 48. Kd2 Bh5 49. Kc2 Rxd4 50. Kxb2
Rd2+ 51. Kc3 Rxh2 52. Re3 Rf2 53. Kd4 Bf7 54. Rc3 Rd2+ 55. Ke5 Rd7 56. Rc6
Ra7 57. Rb6 a5 58. Rxb5 axb4 59. axb4 Re7+ 60. Kd4 Rd7+ 61. Kc5 Re7 62. Bd5
Bxd5 63. Kxd5 Re3 64. g4 Rg3 65. Rb7+ Kg6 1/2-1/2

[Event "4th Stage Russian Cup"]
[Site "Samara RUS"]
[Date "2002.07.26"]
[Round "1"]
[White "Kraev,A"]
[Black "Iljushin,A"]
[Result "0-1"]
[WhiteElo "2330"]
[BlackElo "2526"]
[EventDate "2002.07.26"]

1. e4 e6 2. Nf3 d5 3. e5 c5 4. b4 b6 5. c3 Qd7 6. a3 Ba6 7. Bxa6 Nxa6 8. d4
Ne7 9. O-O Nc7 10. Be3 Nf5 11. g4 Nxe3 12. fxe3 Be7 13. Ra2 O-O 14. Rg2
cxd4 15. exd4 a5 16. Rg3 axb4 17. cxb4 g6 18. Qd2 f5 19. Ng5 fxg4 20. Rxf8+
Rxf8 21. Rxg4 Bxg5 22. Qxg5 Qf7 23. Qf6 Qxf6 24. exf6 Rxf6 25. Nd2 Kf7 26.
a4 Ke7 27. a5 bxa5 28. bxa5 Kd6 29. Rg2 Rf3 30. Re2 Rd3 31. Kf2 Rxd4 0-1

[Event "4th Stage Russian Cup"]
[Site "Samara RUS"]
[Date "2002.07.26"]
[Round "1"]
[White "Loginov,Va"]
[Black "Khairullin,I"]
[Result "1-0"]
[WhiteElo "2526"]
[BlackElo "2329"]
[EventDate "2002.07.26"]

1. Nf3 Nf6 2. g3 g6 3. Bg2 Bg7 4. c4 O-O 5. d4 d6 6. O-O c6 7. Nc3 Qa5 8.
e4 Bg4 9. h3 Bxf3 10. Bxf3 e5 11. d5 cxd5 12. cxd5 Nbd7 13. Rb1 Rfc8 14. a4
a6 15. Bd2 Qd8 16. Qe2 h5 17. Kh2 Rc7 18. a5 Rac8 19. Na4 Kh7 20. Qe3 Qf8
21. g4 hxg4 22. hxg4 Kg8 23. g5 Nh7 24. Bg4 Rb8 25. Nb6 Nxb6 26. axb6 Rc5
27. Rbc1 Qd8 28. b4 Rxc1 29. Rxc1 Bf8 30. Bh3 Be7 31. Rg1 Ra8 32. Rg2 Rb8
33. Kh1 Ra8 34. Rg3 Rb8 35. f4 exf4 36. Qxf4 Qxb6 37. Bc3 Qd8 38. Rf3 Qe8
39. Bd7 Qf8 40. Rh3 1-0

[Event "4th Stage Russian Cup"]
[Site "Samara RUS"]
[Date "2002.07.26"]
[Round "1"]
[White "Blatov,I"]
[Black "Bezgodov,A"]
[Result "1/2-1/2"]
[WhiteElo "2324"]
[BlackElo "2518"]
[EventDate "2002.07.26"]

1. e4 d6 2. d4 e5 3. Nf3 exd4 4. Nxd4 c5 5. Ne2 Nc6 6. h3 Nf6 7. Nbc3 Be7
8. g3 b6 9. Bg2 Bb7 10. O-O O-O 11. Nf4 Re8 12. Nfd5 Nxd5 13. Nxd5 Bf8 14.
c3 Ne5 15. Bf4 Ba6 16. Bxe5 dxe5 17. Re1 Qc8 18. b3 c4 19. b4 Bb7 20. Ne3
Qc7 21. Qc2 a5 22. a3 b5 23. Red1 Ra6 24. Rab1 Rd8 25. Kh2 Qc8 26. h4 Qa8
27. Rxd8 Qxd8 28. Rd1 Qa8 29. Rd2 axb4 30. axb4 Ra1 31. Nd5 Qa4 32. Qxa4
bxa4 33. Ne7+ Bxe7 34. Rd7 Bf8 35. Rxb7 Rc1 36. Ra7 Rxc3 37. Rxa4 Rc2 38.
b5 Rxf2 39. Rxc4 Rb2 40. Rc3 h5 41. Kh3 Rxb5 42. Bf1 Rb7 43. Bc4 Rc7 44.
Rc2 g6 45. Bb3 Ra7 46. Ba2 Rb7 47. Bd5 Ra7 48. Rb2 Kg7 49. Rb7 Rxb7 50.
Bxb7 f5 51. exf5 gxf5 52. Bf3 Kg6 53. Be2 1/2-1/2

[Event "4th Stage Russian Cup"]
[Site "Samara RUS"]
[Date "2002.07.26"]
[Round "1"]
[White "Tishin,P"]
[Black "Driamin,D"]
[Result "1-0"]
[WhiteElo "2513"]
[BlackElo "2323"]
[EventDate "2002.07.26"]

1. e4 c6 2. d4 d5 3. exd5 cxd5 4. c4 Nf6 5. Nc3 g6 6. Qb3 Bg7 7. cxd5 O-O
8. Nge2 Nbd7 9. g3 Nb6 10. Bg2 Bf5 11. Nf4 a5 12. a4 Qd6 13. O-O Rfd8 14.
Re1 Kf8 15. Bd2 Qb4 16. Qxb4 axb4 17. Nb5 g5 18. d6 exd6 19. Ne2 Rxa4 20.
Rxa4 Nxa4 21. Bxb4 Ne8 22. b3 Nb2 23. Ba3 Nd3 24. Rd1 Rc8 25. Nec3 Rxc3 26.
Nxc3 Bxd4 27. Ne4 Bxe4 28. Bxe4 Bxf2+ 29. Kg2 Bc5 30. Rxd3 Bxa3 31. Bxb7
Nc7 32. Bd5 Bc5 33. Bc4 Ke7 34. g4 Ne6 35. Bxe6 fxe6 36. Rh3 e5 37. Rxh7+
Kf6 38. Kf3 d5 39. Rh6+ Ke7 40. Rg6 e4+ 41. Ke2 d4 42. Rxg5 d3+ 43. Kd2 Bd6
44. Ke3 Ke6 45. Kxe4 1-0

[Event "4th Stage Russian Cup"]
[Site "Samara RUS"]
[Date "2002.07.26"]
[Round "1"]
[White "Krassilnikov,E"]
[Black "Makarov,M"]
[Result "0-1"]
[WhiteElo "2314"]
[BlackElo "2512"]
[EventDate "2002.07.26"]

1. e4 c5 2. c3 d5 3. exd5 Qxd5 4. d4 Nf6 5. Be3 Bg4 6. f3 cxd4 7. cxd4 Qe6
8. Qd2 Nd5 9. Kf2 Qxe3+ 10. Qxe3 Nxe3 11. Kxe3 Bd7 12. Nc3 Nc6 13. Bc4 e5
14. dxe5 Nxe5 15. Bb5 Bc5+ 16. Ke4 Nc6 17. Nge2 O-O-O 18. Rad1 Rhe8+ 19.
Kf4 Re6 20. Ne4 Bb6 21. g4 Bc7+ 22. Ke3 Bb6+ 23. Kf4 Bc7+ 24. Ke3 g6 25. g5
Re5 26. Bc4 Ne7 27. Rd3 Nf5+ 28. Kd2 Bc6 29. N2c3 Nd4 30. Rf1 Rf5 31. Ke3
b5 32. Bb3 Bb6 33. Kd2 b4 34. Ne2 Nxf3+ 35. Rfxf3 Rxf3 0-1

[Event "4th Stage Russian Cup"]
[Site "Samara RUS"]
[Date "2002.07.26"]
[Round "1"]
[White "Tunik,G"]
[Black "Ayupov,D"]
[Result "1-0"]
[WhiteElo "2505"]
[BlackElo "2312"]
[EventDate "2002.07.26"]

1. d4 e6 2. c4 f5 3. g3 Nf6 4. Bg2 d5 5. Nh3 c6 6. O-O Bd6 7. Bf4 Be7 8.
Nd2 O-O 9. Qc2 Bd7 10. a3 Be8 11. b4 b5 12. cxb5 cxb5 13. Bxb8 Rxb8 14. Nf4
Rc8 15. Qb2 Qb6 16. Rfc1 Bf7 17. Nd3 Ne4 18. Nb3 Nd6 19. e3 Nc4 20. Qe2 Rc7
21. h3 Rb8 22. Nbc5 a5 23. g4 a4 24. Rc3 Bf6 25. f4 fxg4 26. hxg4 g5 27.
Ne5 Bxe5 28. fxe5 Bg6 29. Rf1 Rf8 30. Rxf8+ Kxf8 31. Qf2+ Ke8 32. Qf6 Re7
33. Qh8+ Kf7 34. Rc1 Nxe3 35. Re1 Nxg4 36. Rf1+ Bf5 37. Qxh7+ Kf8 38. Rxf5+
exf5 39. Qxf5+ 1-0

[Event "4th Stage Russian Cup"]
[Site "Samara RUS"]
[Date "2002.07.26"]
[Round "1"]
[White "Shibaev,A"]
[Black "Yandemirov,V"]
[Result "1-0"]
[WhiteElo "2306"]
[BlackElo "2502"]
[EventDate "2002.07.26"]

1. d4 Nf6 2. c4 g6 3. Nc3 d5 4. cxd5 Nxd5 5. e4 Nxc3 6. bxc3 Bg7 7. Bc4 O-O
8. Ne2 Nc6 9. O-O Na5 10. Bd3 b6 11. Be3 c5 12. Qd2 Bb7 13. Bh6 Bxh6 14.
Qxh6 cxd4 15. cxd4 Nc6 16. Rfd1 Rc8 17. e5 Nb4 18. Nf4 Kh8 19. Nxg6+ fxg6
20. Bxg6 Rf7 21. Bxf7 Rc6 22. Qd2 Qf8 23. Qxb4 Qxf7 24. d5 Rc5 25. Rac1
Qxd5 26. Qg4 Rxc1 27. Rxc1 Qxe5 28. Rd1 Bd5 29. Qd4 Qxd4 30. Rxd4 Bxa2 31.
Ra4 Bd5 32. Rxa7 e6 33. Ra6 b5 34. Rb6 Bc4 35. Rb7 Kg8 36. f3 h6 37. Kf2
Kf8 38. Ke3 Bf1 39. g3 Bc4 40. f4 h5 41. Kd4 h4 42. g4 h3 43. g5 1-0

[Event "4th Stage Russian Cup"]
[Site "Samara RUS"]
[Date "2002.07.26"]
[Round "1"]
[White "Nevostrujev,V"]
[Black "Rodchenkov,V"]
[Result "1-0"]
[WhiteElo "2502"]
[BlackElo "2305"]
[EventDate "2002.07.26"]

1. e4 c5 2. Nf3 Qb6 3. b4 cxb4 4. a3 Nc6 5. d4 d6 6. axb4 Qxb4+ 7. Bd2 Qb6
8. d5 Nb8 9. Ba5 Qc5 10. Nc3 b6 11. Ra4 Bd7 12. Bb4 Qc8 13. Nb5 Qb7 14. Qa1
a5 15. Bc3 Nf6 16. e5 dxe5 17. Bxe5 Na6 18. Be2 Rc8 19. O-O Rxc2 20. Nd6+
exd6 21. Bxa6 Qxd5 22. Bxf6 gxf6 23. Re1+ Be6 24. Qb1 Rc3 25. Qxb6 Be7 26.
Rxa5 Bd8 27. Bb5+ Ke7 28. Ra7+ Kf8 29. Qxd8+ Kg7 30. Qe7 Rxf3 31. Rxe6 Rf8
32. gxf3 1-0

[Event "4th Stage Russian Cup"]
[Site "Samara RUS"]
[Date "2002.07.26"]
[Round "1"]
[White "Kalinin,Michail"]
[Black "Alavkin,A"]
[Result "0-1"]
[WhiteElo "2303"]
[BlackElo "2498"]
[EventDate "2002.07.26"]

1. d4 d5 2. Nf3 Nf6 3. e3 Bf5 4. c4 c6 5. Nbd2 e6 6. Be2 Bd6 7. b3 Nbd7 8.
Bb2 Qb8 9. a3 h6 10. b4 O-O 11. h3 e5 12. dxe5 Nxe5 13. Qb3 a5 14. O-O Re8
15. cxd5 Nxd5 16. Nd4 Bg6 17. b5 a4 18. Qa2 Nd3 19. bxc6 bxc6 20. Nxc6 Qxb2
21. Qxd5 Qxd2 22. Ra2 Qc3 23. Qxd6 Nc1 24. Rd2 Re6 25. Ne7+ Rxe7 26. Bf3
Rae8 27. Rdd1 Nb3 28. Bd5 Bc2 29. Bc6 Re6 30. Bxe8 Rxd6 31. Rxd6 Nd2 32.
Rc6 Qxa3 33. Re1 Bg6 34. Ra6 Qc3 35. Rd1 a3 0-1

[Event "4th Stage Russian Cup"]
[Site "Samara RUS"]
[Date "2002.07.26"]
[Round "1"]
[White "Kokarev,D"]
[Black "Iliushkin,E"]
[Result "0-1"]
[WhiteElo "2495"]
[BlackElo "2292"]
[EventDate "2002.07.26"]

1. e4 c5 2. Nf3 e6 3. d4 cxd4 4. Nxd4 Nf6 5. Nc3 d6 6. g4 h6 7. Bg2 Be7 8.
O-O a6 9. h3 Qc7 10. f4 Nc6 11. Nxc6 bxc6 12. e5 dxe5 13. fxe5 Nd7 14. Bf4
O-O 15. Qe1 Rb8 16. b3 c5 17. Na4 c4 18. Kh2 Bb7 19. Bxb7 Rxb7 20. Qe4 cxb3
21. cxb3 Rb4 22. Qe2 Bg5 23. Bg3 Rb5 24. Rae1 Bh4 25. Qg2 Bxg3+ 26. Qxg3
Rxe5 27. Rxe5 Nxe5 28. Nc3 Rd8 29. Rd1 Rxd1 30. Nxd1 Qc2+ 31. Nf2 Qxa2 32.
Kg1 Qa1+ 33. Kg2 Qd4 34. h4 a5 35. g5 h5 0-1

[Event "4th Stage Russian Cup"]
[Site "Samara RUS"]
[Date "2002.07.26"]
[Round "1"]
[White "Kniazev,A"]
[Black "Shinkevich,V"]
[Result "1/2-1/2"]
[WhiteElo "2286"]
[BlackElo "2487"]
[EventDate "2002.07.26"]

1. e4 e5 2. Nf3 Nc6 3. Bb5 a6 4. Bxc6 dxc6 5. Nc3 f6 6. d4 exd4 7. Qxd4
Qxd4 8. Nxd4 Bd7 9. Be3 O-O-O 10. O-O-O Ne7 11. f4 Re8 12. Rde1 Ng6 13. a3
Bc5 14. g3 Bxd4 15. Bxd4 b6 16. b4 Re7 17. Re2 Rhe8 18. Rhe1 Bg4 19. Rf2
Nh8 20. h3 Bd7 21. g4 h6 22. Rfe2 Nf7 23. e5 fxe5 24. Bxe5 Nxe5 25. Rxe5
Rxe5 26. Rxe5 Rxe5 27. fxe5 Be8 28. Kd2 Kd7 29. Ke3 Ke6 30. Kd4 g5 31. Ne4
Bg6 32. c3 1/2-1/2

[Event "4th Stage Russian Cup"]
[Site "Samara RUS"]
[Date "2002.07.26"]
[Round "1"]
[White "Kovalevskaya,E"]
[Black "Kozlitin,O"]
[Result "1-0"]
[WhiteElo "2486"]
[BlackElo "2273"]
[EventDate "2002.07.26"]

1. e4 c5 2. Nc3 d6 3. f4 Nc6 4. Nf3 g6 5. Bb5 Bg7 6. Bxc6+ bxc6 7. d3 Nf6
8. O-O O-O 9. Qe1 Qb6 10. Kh1 c4 11. d4 Bg4 12. Qh4 d5 13. e5 Bxf3 14. Rxf3
Ne4 15. Rh3 h5 16. Nxe4 dxe4 17. g4 f6 18. gxh5 g5 19. Qg4 Qxd4 20. Be3 Qd5
21. h6 Bh8 22. Rd1 Qf7 23. h7+ 1-0

[Event "4th Stage Russian Cup"]
[Site "Samara RUS"]
[Date "2002.07.26"]
[Round "1"]
[White "Kim,Se"]
[Black "Kuporosov,V"]
[Result "1/2-1/2"]
[WhiteElo "2268"]
[BlackElo "2486"]
[EventDate "2002.07.26"]

1. e4 c5 2. Nf3 e6 3. d3 Nc6 4. g3 Nf6 5. Bg2 d6 6. O-O Be7 7. Re1 O-O 8.
c3 Bd7 9. d4 cxd4 10. cxd4 d5 11. e5 Ne4 12. Nbd2 Nxd2 13. Bxd2 Rc8 14. h4
Qb6 1/2-1/2

[Event "4th Stage Russian Cup"]
[Site "Samara RUS"]
[Date "2002.07.26"]
[Round "1"]
[White "Alagulian,K"]
[Black "Skatchkov,P"]
[Result "0-1"]
[WhiteElo "2263"]
[BlackElo "2485"]
[EventDate "2002.07.26"]

1. e4 e5 2. Nf3 Nf6 3. Nxe5 d6 4. Nf3 Nxe4 5. d4 d5 6. Bd3 Bd6 7. O-O O-O
8. c4 c6 9. Nc3 Nxc3 10. bxc3 Bg4 11. cxd5 cxd5 12. Rb1 Nd7 13. Rb5 Nb6 14.
h3 Bh5 15. c4 Bxf3 16. Qxf3 dxc4 17. Bc2 Qc7 18. a4 a6 19. Rg5 g6 20. h4 f6
21. Rg4 f5 22. Rg5 Be7 23. a5 Nd7 24. Bd2 Rad8 25. Rb1 Bxg5 26. Rxb7 Qxb7
27. Qxb7 Bxd2 28. Qxa6 Kh8 29. Qb5 Nf6 30. a6 Bc3 31. d5 Bd4 32. Qxc4 Rxd5
33. Bb3 Rdd8 34. Ba4 Ng4 35. Qc7 Rc8 36. Qf4 Be3 0-1